000 00793nam a2200217 i 4500
001 44503
003 ES-MaACL
005 20230906161038.0
007 t|
008 030321s1868 sp ||||1| spa d
080 _a347(469)"1867"
110 1 _aPortugal.
_96240
240 0 _aCódigo civil, 1867
245 1 0 _aCódigo civil portugués /
_ctraducido al castellano y precedido de un prólogo por Patricio de la Escasura y anotado y concordado con la legislación española por Isidro Autrán.
260 _aMadrid :
_b[s.n.],
_c1868 (
_fImp. de la Biblioteca Universal Económica)
300 _aXLI, 141, 314 p. ;
_c18 cm.
650 4 _aDerecho civil-
_zPortugal.
_9171509
700 1 _aEscasura, Patricio de la.
_947526
700 1 _aAutrán, Isidro.
_923979
852 _aES-MaACL
_jF-13474
999 _c44503
_d44503